| 000 | 00328nam a22001217a 4500 | ||
|---|---|---|---|
| 082 | _aCP-67 | ||
| 100 |
_aMuhammad Ahmad, Maj _950921 |
||
| 110 |
_aAbdul Qadir Arshad, Maj _951281 |
||
| 245 |
_aSurveying & Leveling I _bCE-182- Spring and Fall |
||
| 260 |
_aRisalpur, _bMCE, _c2016. |
||
| 526 |
_a0 _b0 _c0 _dCP_67 |
||
| 942 |
_2ddc _cBKB |
||
| 999 |
_c554006 _d554006 |
||